000 00361nam a2200145Ia 4500
008 100122s9999 xx 000 0 und d
082 _b42647
_a511
100 _aPERELMAN YA
245 _aMATHEMATICS CAN BE FUN
260 _bMIV PUBLICATION
_c1985
300 _a400
630 _aMATHEMATICS CAN BE FUN
730 _aMATHEMATICS CAN BE FUN
942 _cBOOK
999 _c372852
_d372849